| 000 | 00813nam a22002657a 4500 | ||
|---|---|---|---|
| 003 | DO-SdBNP | ||
| 005 | 20171130094445.0 | ||
| 008 | 171115b 1981 sp ||||| |||| 00| 0 spa d | ||
| 020 | _a8402080464 | ||
| 040 |
_aBPMSU _bspa _cBPMSU |
||
| 092 |
_axxxx _bxxxx |
||
| 100 | 1 | _aTolstoi, Leon | |
| 240 | 1 | 0 |
_aSmert' Ivana Ilitcha. _lEspañol |
| 245 |
_aLa Muerte de Iván Ilich / _cLeon Tolstoi ; traducción: Augusto Vidal. |
||
| 260 |
_aBarcelona : _bBruguera, _c1981. |
||
| 300 |
_a187 p. ; _c18 cm. |
||
| 490 | 1 |
_aClub Bruguera _v79 |
|
| 490 | 1 | _aLiteratura universal Bruguera | |
| 700 | 1 |
_aVidal, Augusto, _etr. |
|
| 830 | 0 |
_aClub Bruguera _v79 |
|
| 830 | 0 | _aLiteratura universal Bruguera | |
| 942 |
_2ddc _cBK |
||
| 945 | _aInventariado extranjero /2017 BT | ||
| 956 |
_aLOPEREZ _b10 _c20171114 _d0041 |
||
| 999 |
_c12889 _d12889 |
||